000
00231nam a2200097Ia 4500
001
903587
005
20250826184915.0
008
250824s9999 xx 000 0 und d
245
0
_a
ÇAĞLAYANLAR
_c
ANONİM
260
_b
İSKELE YAYINLARI
999
_c
903587
_d
903587